Kliknij właściwy kontynent - Statystyki

Ogólne statystyki
  • Ten quiz został rozwiązany 6 335 razy
  • Średni wynik to 11 z 20
Statystyki odpowiedzi
Hint Odpowiedź % Poprawnych
Największy kontynent pod względem liczby ludności 3. Azja
95%
Posiada Moskwę 5. Europa
77%
Największy kontynent pod względem powierzchni 3. Azja
73%
Ma najwięcej gatunków torbaczy 4. Australia
69%
Najwięcej tornad 6. Ameryka Północna
67%
Najcieplejszy kontynent według średniej temperatury 1. Afryka
65%
Gdzie wynaleziono koszykówkę 6. Ameryka Północna
65%
Kontynent, którego częścią jest Kostaryka 6. Ameryka Północna
65%
Miejsce urodzenia większości ze 100 najlepszych maratończyków na świecie 1. Afryka
61%
Najmłodszy średni wiek mieszkańców 1. Afryka
59%
Najstarszy średni wiek mieszkańców 5. Europa
55%
Ma więcej owiec niż ludzi 4. Australia
51%
Posiada największą powierzchnię pokrytą jeziorami 6. Ameryka Północna
46%
Największa produkcja gospodarcza 3. Azja
44%
Ma dokładnie 2 kraje śródlądowe 7. Ameryka Południowa
42%
Najwyższa średnia prędkość wiatru 2. Antarktyda
39%
Skąd pierwotnie pochodzą ziemniaki 7. Ameryka Południowa
38%
Ma najwięcej gatunków ptaków 7. Ameryka Południowa
35%
Najmniejsze opady 2. Antarktyda
34%
Najwięcej zdobytych złotych medali olimpijskich 5. Europa
29%
Nie znaleziono quizów pasujących do podanych kryteriów
Rozkład punktacji
Procent ludzi z każdym wynikiem
Percentyl według liczby udzielonych odpowiedzi
Twoja historia wyników
Nie rozwiązałeś tego quizu